[Event "Lamia-ch 1213"]
[Site "Lamia"]
[Date "2013.02.09"]
[Round "12"]
[White "Stasinos, Stamatis"]
[Black "Kapsiotis, Nikolaos"]
[Result "1/2-1/2"]
[WhiteElo "1176"]
[BlackElo "1608"]
[PlyCount "36"]
[EventDate "2012.12.02"]
[EventType "tourn"]
[EventRounds "15"]
[EventCountry "GRE"]
[SourceTitle "EXT 2024"]
[Source "ChessBase"]
[SourceDate "2023.10.10"]
[SourceVersion "1"]
[SourceVersionDate "2023.10.10"]
[SourceQuality "1"]

1. d4 d5 2. Nf3 Nf6 3. c4 c6 4. Nc3 e6 5. cxd5 cxd5 6. Bg5 Nbd7 7. e3 Be7 8. Bb5 0-0 9. 0-0 a6 10. Bd3 b5 11. Re1 Bb7 12. Qc2 Rc8 13. Qb1 h6 14. Bxf6 Nxf6 15. Ne5 Bb4 16. Qc2 Ne4 17. Bxe4 dxe4 18. a3 Bd6 1/2-1/2

[Event "Lamia-ch 1213"]
[Site "Lamia"]
[Date "2013.01.12"]
[Round "6"]
[White "Stasinos, Stamatis"]
[Black "Keppas, Antonios"]
[Result "1-0"]
[WhiteElo "1176"]
[BlackElo "1838"]
[PlyCount "43"]
[EventDate "2012.12.02"]
[EventType "tourn"]
[EventRounds "15"]
[EventCountry "GRE"]
[SourceTitle "EXT 2024"]
[Source "ChessBase"]
[SourceDate "2023.10.10"]
[SourceVersion "1"]
[SourceVersionDate "2023.10.10"]
[SourceQuality "1"]

1. d4 e6 2. Nf3 Nf6 3. c4 d5 4. Nc3 Bb4 5. Qc2 0-0 6. e3 b6 7. Bd2 a5 8. a3 Be7 9. Bd3 Ba6 10. cxd5 Bxd3 11. Qxd3 exd5 12. 0-0 Nbd7 13. Ng5 h6 14. Nf3 c5 15. Ne5 c4 16. Qf5 Bd6 17. Nxd7 Nxd7 18. Nxd5 g6 19. Qh3 Kg7 20. e4 Nb8 21. Qxh6+ Kg8 22. Bg5 1-0